00317nam a22001337a 4500003000400000008004100004020001800045100001600063245004200079250001200121260002500133300000900158650001600167OSt201119b ||||| |||| 00| 0 eng d a9789352606269 aVOHRA, N.D. aQuantitative Techniques in Management a5th Ed. aNew DelhibTMHc2020 a1091 aB.Com. Hons